000 00722nam a2200289Ia 4500
005 20260324115908.0
008 008 260324s9999 xx 000 0 eng d
020 _a9781315366302
037 _aEBOOK
040 _aCRL
040 _beng
040 _cCRL
041 _2eng
041 _aeng
084 _qCRL
100 _aMohammed Wasim Siddiqui; Vasudha Bansal
_91156421
245 0 _aPlant Secondary Metabolites, Volume Three
245 0 _bTheir Roles in Stress Eco-physiology
260 _bTaylor and Francis
260 _c2016
365 _a
365 _b280
856 _uhttp://www.taylorfrancis.com/books/9781315366302
942 _cEBOOK
999 _c1747640
_d1747640